000 00713cam a2200241 a 4500
001 000005294
005 20200929151633.0
008 900907s2001 sp 001 0 spa
020 _a8466300546
040 _aDO-SdBNP
_bspa
_cBNPHU
082 _aG863.4
_bM778m, 2001
100 1 _aMonterroso, Augusto,
_d1921-2003
_915065
245 1 0 _aMovimiento perpetuo /
_cAugusto Monterroso.
250 _a2a ed.
260 _a[Madrid] :
_bSuma de Letras,
_c2001.
300 _a156 p. ;
_c18 cm.
490 0 _aPunto de lectura
_v90/2
650 4 _aCuentos guatemaltecos
_915066
650 4 _aLiteratura guatemalteca
_95393
830 0 _aPunto de lectura ;
_v90/2
_93047
910 _aCatalogación derivada
910 _aWM
999 _c5095
_d5095